|
|
|
|
| LEADER |
01409nam a2200349 a 4500 |
| 001 |
38217 |
| 003 |
BD-DhAAL |
| 005 |
20220323114229.0 |
| 008 |
220323t19891990nyuaf b 001 0 eng |
| 999 |
|
|
|c 43855
|d 43855
|
| 010 |
|
|
|a 88045572
|
| 020 |
|
|
|a 0060160209 :
|c $22.95
|
| 040 |
|
|
|a DLC
|c DLC
|d DLC
|d BD-DhAAL
|
| 041 |
1 |
|
|a engspa
|
| 043 |
|
|
|a s-pe---
|
| 050 |
0 |
0 |
|a HD2346.P4
|b S6713 1989
|
| 082 |
0 |
0 |
|a 381
|2 19
|
| 100 |
1 |
|
|a Soto, Hernando de,
|d 1941-
|9 47304
|
| 240 |
1 |
0 |
|a Otro sendero.
|l English
|
| 245 |
1 |
4 |
|a The other path :
|b the invisible revolution in the Third World /
|c Hernando de Soto, in collaboration with the Instituto Libertad y Democracia ; foreword by Mario Vargas Llosa
|
| 250 |
|
|
|a First edition
|
| 260 |
|
|
|a New York :
|b Harper & Row,
|c 1990
|
| 300 |
|
|
|a xxvii, 271 p., [24] p. of plates :
|b illustrations ;
|c 25 cm.
|
| 500 |
|
|
|a Translation of: El otro sendero.
|
| 504 |
|
|
|a Includes bibliographical references.
|
| 541 |
|
|
|a Donated by Akbar Ali Khan
|e 38217
|
| 650 |
|
0 |
|a Informal sector (Economics)
|z Peru.
|9 47305
|
| 650 |
|
0 |
|a Bureaucracy
|z Peru.
|9 47306
|
| 710 |
2 |
|
|a Instituto Libertad y Democracia (Lima, Peru)
|9 47307
|
| 852 |
|
|
|a Ayesha Abed Library
|c Akbar Ali Khan Collection
|
| 942 |
|
|
|2 ddc
|c BK
|
| 952 |
|
|
|0 0
|1 0
|2 ddc
|4 0
|6 381_000000000000000_SOT
|7 1
|9 70242
|a BRACUL
|b BRACUL
|c AAKC
|d 2022-03-23
|e Donated by Akbar Ali Khan
|l 0
|o 381 SOT
|p 3010038217
|r 2022-03-23
|t 1
|w 2022-03-23
|y BK
|